• 首页
  • 本馆介绍
  • 公告通知
  • 最新文献
  • 馆藏检索
  • 电子资源
  • 读者导购
  • 参考咨询
  • 我的图书馆
  • 登录
  • 详细信息显示
  • 放入我的书架
  • 预约/预借图书
  • 作者相关作品
  • 分类相关作品
  • 丛书相关作品
  • 出版社相关作品

书目信息

  • 表格格式
  • 工作单格式
  • 卡片格式
题名:
偶在论
    
 
作者: 张志扬
分册:  
出版信息: 上海   上海三联书店  2000
页数: 96页
开本: 20cm
丛书名:
单 册:
中图分类: B025.6
科图分类:
主题词: 辩证唯物主义
电子资源:
ISBN: 7-5426-1413-4
000 00485nam0 2200181 450
001 0728815141
005 20070819080015.14
010    @a7-5426-1413-4@d¥8.00
100    @a20070819d km y0chiy0120 ea
101 0  @achi
200 1  @a偶在论@Aou zai lun@f张志扬@Fzhang zhi yang
210    @a上海@c上海三联书店@d2000
215    @a96页@d20cm
606 0  @a辩证唯物主义
690    @aB025.6@v3
701  0 @a张志扬@Azhang zhi yang
801  0 @aCN@bPFT@c20070819
905    @a213230@dB025.6@eZW32@f1
    
    偶在论/张志扬.-上海:上海三联书店,2000
    96页;20cm
    
    
    ISBN 7-5426-1413-4:¥8.00
    
●
相关链接 在E读中查询图书 在五车中查询图书 在当当中查询图书 在豆瓣中查询图书


正题名:偶在论     索取号:B025.6/ZW32         预约/预借

序号 登录号 条形码 馆藏地/架位号 状态 备注
1 7600811   276008115   密集书库-文学院/ [索取号:B025.6/ZW32] 在馆    
唐山师范学院图书馆 欢迎您!
大连网信软件有限公司© 版权所有